LEADER 01181cam0-22003971i-450- 001 990003976830403321 005 20100419120430.0 035 $a000397683 035 $aFED01000397683 035 $a(Aleph)000397683FED01 035 $a000397683 100 $a20031103g19731974km-y0itay50------ba 101 0 $aeng 102 $aUS 105 $ay-------001yy 200 1 $aSolid waste disposal$fB. Baum and C.H. Parker 210 $aAnn Arbor$cAnn Arbor Science$d1973-1974 215 $a2 v.$d25 cm 327 1 $a1.: Incineration and landfill$a2.: Reuse/recycle, and pyrolysis 610 0 $aCaratteristiche dei solidi 700 1$aBaum,$bBernard$015705 701 1$aParker,$bCharles H.$015706 801 0$aIT$bUNINA$gRICA$2UNIMARC 901 $aBK 912 $a990003976830403321 952 $a15 P/1-7$binv. n. 1616$fDINID 952 $aIG 15 H 07$b1178$fDMIGI 952 $aIG 15 H 31$b1178$fDMIGI 952 $a15 P/1-6$binv. n. 1547$fDINID 952 $a04 090-78/2$bOPV IRC 271/L-I$fDINCH 952 $a04 090-78/1$bOPV IRC 271/L$fDINCH 959 $aDINCH 959 $aDINID 959 $aDMIGI 996 $aSolid waste disposal$9473199 997 $aUNINA LEADER 05579oam 2200685I 450 001 9910463309103321 005 20200520144314.0 010 $a0-203-77107-9 024 7 $a10.1201/b14393 035 $a(CKB)2670000000352949 035 $a(EBL)1177206 035 $a(SSID)ssj0000885235 035 $a(PQKBManifestationID)11468006 035 $a(PQKBTitleCode)TC0000885235 035 $a(PQKBWorkID)10948495 035 $a(PQKB)10687096 035 $a(OCoLC)846954270 035 $a(MiAaPQ)EBC1177206 035 $a(Au-PeEL)EBL1177206 035 $a(CaPaEBR)ebr10691554 035 $a(CaONFJC)MIL501726 035 $a(OCoLC)843637641 035 $a(EXLCZ)992670000000352949 100 $a20180420d2013 uy 0 101 0 $aeng 135 $aur|n|---||||| 181 $ctxt 182 $cc 183 $acr 200 00$aAdvances in unsaturated soils /$feditor, Bernardo Caicedo ; co-editors, Carol Murillo, Laureano Hoyos, Julio Esteban Colmenares, Ivan Rafael Berdugo 210 1$aBoca Raton, Fla. :$cCRC Press,$d2013. 215 $a1 online resource (610 p.) 300 $aProceedings of the first Pan-American conference on unsaturated soils, Cartagena de Indias, Colombia, 20-22 February 2013. 311 $a0-415-62095-3 320 $aIncludes bibliographical references. 327 $aFront Cover; Table of contents; Preface; Organization committees; Acknowledgements; Sponsors; Keynotes lectures; Interactions between atmosphere and geosphere-difficulties in measuring evaporation; Interpretation of soil-water characteristic curves when volume change occurs as soil suction is changed; Ventilation effects in an argillaceous rock tunnel examined via unsaturated soil mechanics; Compacted soils: From physics to hydraulic and mechanical behaviour; Rockfill mechanics; Unsaturated soil mechanics in the design and performance of pavements 327 $aEstimation of the 1-D heave of a natural expansive soil deposit with a light structure using the modulus of elasticity based methodAdvances in testing techniques; Physical modelling of the effect of partial saturation on the stability of geocell walls; Calibration in the laboratory of capacitance sensors for water content monitoring; Unsaturated soil response under plane strain conditions via true triaxial testing; Measuring water retention properties of a series of bentonite clays in a wide range of suctions; Physical modeling of the mechanical improvement of unsaturated silt through heating 327 $aTriaxial cell for nonisothermal shear strength of compacted silt under high suction magnitudesMeasurement of friction on piles over neutral plane in expansive soils; On the use of unsaturated properties of a sandy material for centrifuge model preparation; Application of electrical resistivity for the control of water content and density in loess; A method for making a homogeneous specimen of unsaturated clay using micro-wave; Centrifuge modelling of wetting-induced collapse in embankment base; A practical method for suction estimation in unsaturated soil testing 327 $aPreparing unsaturated samples of decomposed granite for laboratory controlled CPTsEstimating soil hydraulic parameters from capillary rise tests; Geophysical investigation of cracking in unsaturated soils; Unsaturated soil behavior: Water retention behavior and hydraulic properties; Preferential flow and mass transport modeling in a heterogeneous unsaturated soil; Influence of cracks on soil water characteristic curve; Influence of suction on the permeability of unsaturated soils; Evaluation of the suction calibration curves for Whatman 42 filter paper 327 $aSoil water characteristic curves of lime-treated highly expansive soilsWater retention properties of a demolition waste; Water infiltration in final cover layer of landfills in northeast region of Brazil; Water retention properties of a residual soil from Caracas; Air permeability of cover soil from the Bandeirantes landfill in Sİo Paulo, Brazil; Water retention curves for a tropical soil contaminated by vinasse; Permeability studies with blend of fly Ash and Rice Husk Ash stabilized soil subgrade; Capillary rise in pores with rough walls; Volumetric and elastic behavior 327 $aMulti-dimensional swelling behavior of Al-Qatif expansive soils 330 $aNew theories and testing techniques related with Unsaturated Soil Mechanics have proven to be valuable tools to study a broad spectrum of geo-materials which includes rocks, rock fills, frozen soils and domiciliary solid wastes. These new theories and testing techniques have permitted the analysis of several traditional problems from a new perspective (e.g., swelling or collapsible soils and compacted soils or pavements materials), and they have also shown their efficiency to study new energy-related problems like CO2 sequestration and nuclear waste disposal. Advances in Unsaturated Soils is a 606 $aSoil mechanics$vCongresses 606 $aSoil moisture$vCongresses 608 $aElectronic books. 615 0$aSoil mechanics 615 0$aSoil moisture 676 $a631.43 701 $aCaicedo$b Bernardo$01031660 701 $aMurillo$b Carol$01031661 701 $aHoyos$b Laureano R.$f1972-$0965335 701 $aColmenares$b Julio Esteban$01031662 701 $aBerdugo$b Ivan Rafael$01031663 801 0$bMiAaPQ 801 1$bMiAaPQ 801 2$bMiAaPQ 906 $aBOOK 912 $a9910463309103321 996 $aAdvances in unsaturated soils$92449131 997 $aUNINA